Raw styrene-butadiene rubber (SBR) – Determination of soap content (Record no. 74066)

MARC details
000 -LEADER
fixed length control field 00374nam a2200133Ia 4500
245 #0 - TITLE STATEMENT
Title Raw styrene-butadiene rubber (SBR) – Determination of soap content
260 ## - PUBLICATION, DISTRIBUTION, ETC. (IMPRINT)
Year of publication 1975
500 ## - GENERAL NOTE
General note Standard number: ISO 2003
650 ## - SUBJECT ADDED ENTRY--TOPICAL TERM
Topical Term SBR
650 ## - SUBJECT ADDED ENTRY--TOPICAL TERM
Topical Term Soap content
650 ## - SUBJECT ADDED ENTRY--TOPICAL TERM
Topical Term Styrene butadiene rubber
942 ## - ADDED ENTRY ELEMENTS (KOHA)
Koha item type Standards
Holdings
Withdrawn status Lost status Damaged status Not for loan Collection code Home library Current library Date acquired Koha item type
      Standards ISO standards RRII Library RRII Library 31/12/2021 Standards